| 000 | 01120cam a22001934a 4500 | ||
|---|---|---|---|
| 005 | 20250605164209.0 | ||
| 008 | 250528s ||||||||||||||||||||||||d | ||
| 035 | _a20169 | ||
| 020 | _a13902171 | ||
| 040 |
_aGR-AtMCL _bgre _dGR-AtMCL _eAACR2 |
||
| 245 | 1 | _aThe Technological Threat | |
| 260 |
_bPrentice Hall, _c1971 |
||
| 300 | _a188 | ||
| 520 | _aAmerican Society as a Technological Society, Notes on the Post-Industrial Society, The Technological Society, The Impact of Technology on American Values, The Impact of Technology on Ethical Decision-Making, The Crisis in Valuation, The Impact of the Electronics Revolution, Leisure and Work in Postindustrial Society, Some Moral and Technical Consequences of Automation, The Treats of Alienation and Social Technology, The Disjunction of Culture and Social Structure, Some Issues Concerning the Control of Human Behavior, The Impact of Technology on Political Issues, Liberal Values in the Modern World, The Need for a New Political Theory, Politics and Technology. | ||
| 700 | 1 |
_aDouglas Jack D _96221 |
|
| 942 | _cBK | ||
| 999 |
_c5307 _d5307 |
||